Villes de France en images par lettre - F - Statistiques

Statistiques générales
  • Ce quiz a été pris 133 fois
  • Le résultat moyen est 4 sur 12
Statistiques - réponses
Par images Hint Réponse % Correct
PACA Fréjus
71%
DROM Fort-de-France
67%
Île-de-France Fontainebleau
53%
Auvergne-Rhône-Alpes Fontaine
44%
Normandie Fécamp
41%
Bretagne Fougères
36%
Occitanie Frontignan
24%
Grand-Est Forbach
23%
Normandie Falaise
19%
Pays-de-la-Loire Fontenay-le-Comte
9%
Île-de-France Fontenay-sous-Bois
9%
PACA Forcalquier
6%
Aucun quiz correspondant
Distribution des résultats
% des personnes avec chaque résultat
Percentile par nombre de réponses
Votre historique - résultats
Vous n’avez pas pris ce quiz